| 000 | 00000nam 2200000za 4500 |
| 001 | 9.819009 |
| 003 | CaOODSP |
| 005 | 20240624082252 |
| 007 | cr ||||||||||| |
| 008 | 160606s1996 onc |o f|0| 0 fre d |
| 020 | |z0-660-95232-7 |
| 040 | |aCaOODSP|bfre |
| 043 | |an-cn--- |
| 086 | 1 |aZ1-1991/1-1F-PDF |
| 245 | 00|aRapport de la Commission royale sur les peuples autochtones |h[ressource électronique] : |bvolume 1 : un passé, un avenir. |
| 246 | 10|aUn passé, un avenir |
| 260 | |aOttawa : |bGroupe Communication Canada — Edition, |c1996. |
| 300 | |axxvii, 802 p. |
| 500 | |aPublé aussi en anglais sous le titre: Report of the Royal Commission on Aboriginal Peoples : volume 1 : looking forward, looking back. |
| 500 | |aLe n° de catalogue (Z1-1991/1-1F) et l’ISBN (0-660-95232-7) de l'édition imprimée ont été copiés dans l’édition électronique. |
| 500 | |aCo-présidents: René Dussault, Georges Erasmus. |
| 692 | 07|2gccst|aCommission d'enquête |
| 692 | 07|2gccst|aAutochtones |
| 700 | 1 |aDussault, René,|d1939- |
| 700 | 1 |aErasmus, Georges. |
| 710 | 1 |aCanada. |bBureau du Conseil privé. |
| 710 | 1 |aCanada. |bCommission royale sur les peuples autochtones. |
| 775 | 08|tReport of the Royal Commission on Aboriginal Peoples |w(CaOODSP)9.819007 |
| 776 | 0#|tRapport de la Commission royale sur les peuples autochtones.|w(CaOODSP)9.679938 |
| 856 | 40|qPDF|s403.85 Mo|uhttps://publications.gc.ca/collections/collection_2016/bcp-pco/Z1-1991-1-1-fra.pdf |